zpět

Detail výsledku týmu

Club Drak, Klášterec nad Ohří

Datum a čas kvízu

26 Celkem bodů Celkový počet nahraných bodů na tomto kvízu bez doplňovacích otázek.
5. Pořadí na kvízu Konečné umístění týmu na tomto kvízu.

Zaznamenané odpovědi

# Otázka Odpověď Body Výsledky
1. Ve svatovítské katedrále se v... Petr Fiala 1
2. V rakouském St. Pölten se na t... o losa 1
3. V noci z neděle na pondělí min... Adolescent (Adolescence) 0
4. Společnost China Eastern Airli... Buenos Aires 0
5. Švédský atletický fenomén Arma... 630 cm 1
6. Ve spolupráci s Radou Evropy j... 1D 2A 3B 4C 1
7. Pokud vám prozradíme, že červe... július 1
8. Jak se jmenuje autonomní oblas... Vojvodina 0
9. Která z těchto knih nebyla nap... B 0
10. Pozoruhodným jazykem je velšti... slunéčko (beruška) 0